[Event "Vidnoe-ch 32nd sf"]
[Site "Vidnoe"]
[Date "2010.09.12"]
[Round "1"]
[White "Maiorov, Vladimir"]
[Black "Kuznetsov, Vladimir V"]
[Result "0-1"]
[WhiteElo "1806"]
[BlackElo "2129"]
[PlyCount "64"]
[EventDate "2010.09.12"]
[EventType "swiss"]
[EventRounds "10"]
[EventCountry "RUS"]
[SourceTitle "EXT 2022"]
[Source "ChessBase"]
[SourceDate "2021.10.06"]
[SourceVersion "1"]
[SourceVersionDate "2021.10.06"]
[SourceQuality "1"]

1. e4 d5 2. exd5 Qxd5 3. Nc3 Qd8 4. d4 g6 5. Nf3 Bg7 6. Be2 Nh6 7. Bxh6 Bxh6 8. 0-0 0-0 9. Re1 c6 10. h3 Nd7 11. Ne4 Re8 12. Bc4 Nb6 13. Bb3 a5 14. a4 Nd5 15. Bxd5 cxd5 16. Ned2 Qb6 17. b3 Qf6 18. c4 Bxd2 19. Qxd2 dxc4 20. bxc4 Bxh3 21. gxh3 Qxf3 22. Re3 Qc6 23. c5 e6 24. Rb3 Red8 25. Rb5 e5 26. Qb2 exd4 27. Rd1 d3 28. Qb3 Qf3 29. Rxb7 Rd5 30. Rb8+ Rxb8 31. Qxb8+ Kg7 32. Qb1 Rg5+ 0-1